000 00745nas a2200253 4500
001 BR7000941
003 BR-BrBNA
005 20231205082317.0
007 ta
008 230509b bl.|||p| |||| 00| 00por d
040 _aBR-BrBNA
_bpor
_cBiblioteca Nacional de Agricultura
041 _a(Pt)
072 _aE15; F00
100 1 _aTeixeira, T.D.
100 1 _aOliveira, E.B. de
245 1 _aAnalise economica da producao de arroz, Itumbiara, Goias, 1966/67 [Brasil]
650 _aARROZ
650 _aPRODUTIVIDADE
650 _aANALISE ECONOMICA
650 _aGOIAS
773 0 _tRevista Ceres (Brazil)
_xISSN 0034-737X
_g(Jan-Mar 1970), v. 17(91) p. 1-15
_wBR7000941
909 _a202311
_bLúcia
_c55
_dLúcia Elande
942 _2AGRIS
_n0
_cANA
999 _c90788
_d90788